Регионална библиотека "Любен Каравелов" - Русе

Прозрения за Простотата (Запис номер 507940)

MARC детайли
000 -Лидер
Лидер 01302nam a2200313 a 4500
003 - Код на организацията, давaща контролен номер
Код на организацията, даваща контролен номер BLK
005 - Дата и час на последна редакция
Дата и час на последна редакция 20240419102957.0
008 - Елементи от данни с фиксирана дължина
Елементи с фиксирана дължина 201211b bu |||||r|||| 00| | bu d
020 ## - Международен стандартен номер на книга ISBN
ISBN 9789549734560
040 ## - Източник на каталожния запис
Код на библиотеката BLK
041 ## - Код за език
Език Български
Език за КДБФ Български
080 ## - УДК
УДК текст Философски мистицизъм. Ранни езотерични школи. Кабала. Теософия. Антропософия. Суфизъм. Еклектизъм. Синкретизъм. Херметизъм. Розенкройцерство. Др. школи
УДК код 141.33
УДК – код + определител 141.33
084 ## - Класификационен индекс по друга класификация
Авторски знак Дъ - Д 95
100 ## - Редна дума - Автор
Автор Дънов, Петър Константинов
R(LIN) 244373
245 ## - Сведения за заглавието
Заглавие Прозрения за Простотата
Подзаглавни данни Из словото на Учителя Петър Дънов
Авторска отговорност Петър Дънов.
257 ## - Страна на издаване
Страна на създаване/издаване България
260 ## - Област на издателските данни
9 (RLIN) 219554
Място на издаване Варна
Име на издателя Логос
Година на издаване 2014
Издателство - префикс ISBN 978-954-9734-
300 ## - Физическа характеристика
Брой страници 360 с.
Размер 20 см
380 ## - Жанр
Жанр Философия
504 ## - Забележка за наличие на библиография и др
Библиография Библиогр.: с. 352-359.
650 #0 - Допълнително описание по предмет – тема
9 (RLIN) 255933
Предметна рубрика Дъновизъм - България
650 #0 - Допълнително описание по предмет – тема
9 (RLIN) 436404
Предметна рубрика Езотерика
852 ## - Местоположение
Отдел Заемна - подръчен фонд
Систематично-азбучна сигнатура 14/Д 95 П
942 ## - АРТИКУЛИ
Вид на библиотечния документ Книги
Скрит в OPAC Не
Периодичен библиозапис Да
Koha issues (borrowed), all copies 2
944 ## - СЪЗДАВАНЕ И РЕДАКЦИЯ на ЗАПИСА
Дата на регистрацията/редакция Нора Радева
Служител, извършил регистрацията/редакцията 30576
Номер на служител Цветомила Тодорова
Създаване/Редакция Редакция
999 ## - СИСТЕМНИ КОНТРОЛНИ НОМЕРА
Koha biblionumber 507940
Koha biblioitemnumber 507940
999 ## - СИСТЕМНИ КОНТРОЛНИ НОМЕРА
Koha biblioitemnumber 507940
999 ## - СИСТЕМНИ КОНТРОЛНИ НОМЕРА
Koha biblioitemnumber 507940
Наличности
Код за отписване Код за изгубен артикул Източник на класификационната схема Код за повреда Код за отдаване Артикулен № Име на библиотеката - собственик Име на библиотеката, в която се намира в момента Статус (Текущо местоположение) Дата на вписване в системата Местоположение - отдел Цена в лева Инвентарен номер Систематично азбучна сигнатура Баркод Цена в евро Служебен тип на артикула Коз за рестрикции
  Не е изгубен Universal Decimal Classification Не е повреден заемане за дома 942065 Регионална библиотека "Любен Каравелов" Русе Регионална библиотека "Любен Каравелов" Русе Заемна - подръчен фонд 2024-04-05 Заемна - подръчен фонд 16.00 120000901071 14/Д 95 П 120000901071 8.18 Книги  
  Не е изгубен Universal Decimal Classification Не е повреден ползва се в читалня 942101 Регионална библиотека "Любен Каравелов" Русе Регионална библиотека "Любен Каравелов" Русе Хранилище 2024-04-05 Основен фонд - ползва се само за читалня 16.00 120000901136 Цб 322439 120000901136 8.18 Книги само за читалня
Vip Innovations Ltd, Rousse, Bulgaria 2025